[Event "ROM-chT U18"]
[Site "Iasi"]
[Date "2018.07.15"]
[Round "3.1"]
[White "Olinici, Emanuel"]
[Black "Ileana, George"]
[Result "0-1"]
[WhiteElo "2033"]
[BlackElo "2325"]
[PlyCount "86"]
[EventDate "2018.07.13"]
[EventType "team-tourn"]
[EventRounds "5"]
[EventCountry "ROU"]
[SourceTitle "EXT 2019"]
[Source "ChessBase"]
[SourceDate "2018.10.10"]
[SourceVersion "1"]
[SourceVersionDate "2018.10.10"]
[SourceQuality "1"]
[WhiteTeam "Iasi Politehnica"]
[BlackTeam "Bucharest Tinerii Maestri"]
[WhiteTeamCountry "ROU"]
[BlackTeamCountry "ROU"]

1. d4 Nf6 2. g3 d5 3. Nf3 c6 4. Bg2 Bf5 5. 0-0 h6 6. Nbd2 e6 7. b3 Be7 8. Bb2 0-0 9. c4 Nbd7 10. Re1 Ne4 11. a3 Rc8 12. Bf1 b5 13. Nxe4 dxe4 14. Nd2 e3 15. fxe3 Bg5 16. e4 Be3+ 17. Kh1 Bxd2 18. Qxd2 Bxe4+ 19. Bg2 Nf6 20. Bxe4 Nxe4 21. Qf4 f5 22. a4 bxc4 23. bxc4 Qc7 24. Ba3 Qxf4 25. gxf4 Rfd8 26. e3 Rb8 27. Bc5 Nxc5 28. dxc5 Rb4 29. Red1 Rxd1+ 30. Rxd1 Rxc4 31. Rd8+ Kf7 32. Rd7+ Kf6 33. Rxa7 Rxc5 34. Kg2 Rc2+ 35. Kg3 Re2 36. a5 Rxe3+ 37. Kf2 Re4 38. Kf3 g5 39. fxg5+ hxg5 40. a6 Ra4 41. Ra8 Ke5 42. a7 Ra3+ 43. Kf2 Kf4 0-1

[Event "ROM-ch U18"]
[Site "Baile Felix"]
[Date "2017.02.07"]
[Round "7"]
[White "Geiger, Alex Emanuel"]
[Black "Olinici, Emanuel"]
[Result "1/2-1/2"]
[WhiteElo "2155"]
[BlackElo "2029"]
[PlyCount "65"]
[EventDate "2017.02.02"]
[EventType "swiss"]
[EventRounds "9"]
[EventCountry "ROU"]
[SourceTitle "CBM 176 Extra"]
[Source "ChessBase"]
[SourceDate "2017.03.02"]
[SourceVersion "1"]
[SourceVersionDate "2017.03.02"]
[SourceQuality "1"]

1. e4 e6 2. d4 d5 3. Nc3 dxe4 4. Nxe4 Nf6 5. Bg5 Be7 6. Bxf6 Bxf6 7. Nf3 0-0 8. Qd2 b6 9. 0-0-0 Nd7 10. Bd3 Bb7 11. Kb1 c5 12. Qe3 Qc7 13. c3 Rfe8 14. Bc2 c4 15. Nxf6+ Nxf6 16. Ne5 b5 17. Rhe1 b4 18. cxb4 Bd5 19. f3 Reb8 20. Qc3 a5 21. b5 Rxb5 22. Be4 Rab8 23. Rd2 Qb7 24. Rde2 Bxe4+ 25. fxe4 Nxe4 26. Qa3 c3 27. Rxe4 Rxb2+ 28. Kc1 Rxg2 29. Qb3 Qc7 30. Qc4 Qb6 31. Qb3 Qc7 32. Qc4 Qb6 33. Qb3 1/2-1/2

[Event "Arad op 9th"]
[Site "Arad"]
[Date "2016.08.08"]
[Round "4"]
[White "Olinici, Emanuel"]
[Black "Baratosi, Daniel"]
[Result "1/2-1/2"]
[WhiteElo "2033"]
[BlackElo "2361"]
[PlyCount "35"]
[EventDate "2016.08.06"]
[EventType "swiss"]
[EventRounds "9"]
[EventCountry "ROU"]
[SourceTitle "CBM 173 Extra"]
[Source "ChessBase"]
[SourceDate "2016.08.29"]
[SourceVersion "1"]
[SourceVersionDate "2016.08.29"]
[SourceQuality "1"]

1. d4 e6 2. g3 Nf6 3. Bg2 d5 4. Nf3 c5 5. 0-0 Nc6 6. c4 dxc4 7. Ne5 Bd7 8. Na3 cxd4 9. Naxc4 Be7 10. Qb3 Nxe5 11. Nxe5 Qb6 12. Bg5 Qxb3 13. axb3 Nd5 14. Bxe7 Kxe7 15. Nxd7 Kxd7 16. Rfd1 Ke7 17. Bxd5 exd5 18. Rxd4 1/2-1/2

[Event "EU-chT U18"]
[Site "Iasi"]
[Date "2014.07.17"]
[Round "3.5"]
[White "Olinici, Emanuel"]
[Black "Urbanc, Peter"]
[Result "0-1"]
[WhiteElo "1861"]
[BlackElo "2103"]
[PlyCount "56"]
[EventDate "2014.07.15"]
[EventType "team-swiss"]
[EventRounds "7"]
[EventCountry "ROU"]
[SourceTitle "CBM 161 Extra"]
[Source "ChessBase"]
[SourceDate "2014.08.29"]
[SourceVersion "1"]
[SourceVersionDate "2014.08.29"]
[SourceQuality "1"]
[WhiteTeam "Romania U18 III"]
[BlackTeam "Slovenia U18"]
[WhiteTeamCountry "ROU"]
[BlackTeamCountry "SLO"]

1. d4 Nf6 2. g3 c5 3. Nf3 cxd4 4. Nxd4 e5 5. Nb3 d5 6. Bg2 Nc6 7. 0-0 Be6 8. Nc3 h6 9. f4 Qb6+ 10. Kh1 exf4 11. Rxf4 Bd6 12. Rf1 0-0-0 13. e3 h5 14. Nxd5 Bxd5 15. Bxd5 Bxg3 16. Rxf6 gxf6 17. hxg3 h4 18. g4 Ne5 19. a4 Rhg8 20. g5 Rxg5 21. a5 Qd6 22. e4 Ng4 23. Qe2 Qg3 24. Bxg5 Nf2+ 25. Qxf2 Qxf2 26. a6 Rxd5 27. exd5 fxg5 28. d6 bxa6 0-1

[Event "Eforie Nord op"]
[Site "Eforie Nord"]
[Date "2014.06.26"]
[Round "3"]
[White "Olinici, Emanuel"]
[Black "Gelip, Ioana"]
[Result "1/2-1/2"]
[WhiteElo "1861"]
[BlackElo "2080"]
[PlyCount "95"]
[EventDate "2014.06.24"]
[EventType "swiss"]
[EventRounds "11"]
[EventCountry "ROU"]
[SourceTitle "CBM 161 Extra"]
[Source "ChessBase"]
[SourceDate "2014.08.29"]
[SourceVersion "1"]
[SourceVersionDate "2014.08.29"]
[SourceQuality "1"]

1. d4 Nf6 2. g3 e6 3. Bg2 Be7 4. c4 d5 5. Nf3 0-0 6. 0-0 dxc4 7. Qa4 a6 8. Qxc4 b5 9. Qc2 Bb7 10. a3 Nbd7 11. b4 a5 12. bxa5 Rxa5 13. Nbd2 Qa8 14. Nb3 Ra4 15. Qxc7 Nd5 16. Qc2 Rc8 17. Qb2 N5b6 18. Nbd2 b4 19. Ne1 bxa3 20. Qb5 Rxd4 21. Bxb7 Qxb7 22. Nd3 Ra4 23. Nb3 e5 24. Be3 Qd5 25. Qxd5 Nxd5 26. Bd2 Nc3 27. e3 e4 28. Nf4 g5 29. Bxc3 Rxc3 30. Nd5 Rxb3 31. Nxe7+ Kf8 32. Nf5 a2 33. Rfd1 Rd3 34. Rdc1 Nb6 35. Kg2 Nc4 36. Rxa2 Nxe3+ 37. Kg1 Nxf5 38. Rxa4 e3 39. fxe3 Nxe3 40. Re1 Nd5 41. Ra5 f6 42. Ra7 h5 43. Rb1 Ne7 44. Rb8+ Kf7 45. Rbb7 Re3 46. Kf2 Re5 47. Ra4 Kg6 48. Raa7 1/2-1/2

[Event "Iasi op"]
[Site "Iasi"]
[Date "2014.05.13"]
[Round "4"]
[White "Mihalache, Paul Stelian"]
[Black "Olinici, Emanuel"]
[Result "0-1"]
[WhiteElo "1560"]
[BlackElo "1857"]
[PlyCount "72"]
[EventDate "2014.05.10"]
[EventType "swiss"]
[EventRounds "9"]
[EventCountry "ROU"]
[SourceTitle "CBM 160 Extra"]
[Source "ChessBase"]
[SourceDate "2014.07.01"]
[SourceVersion "1"]
[SourceVersionDate "2014.07.01"]
[SourceQuality "1"]

1. d4 d5 2. Nf3 c6 3. c4 e6 4. e3 f5 5. Nc3 Nf6 6. b3 Bd6 7. g3 0-0 8. Bg2 Ne4 9. Qc2 Nd7 10. Nd2 Ndf6 11. f3 Nxd2 12. Bxd2 e5 13. 0-0 exd4 14. exd4 f4 15. Bxf4 Bxf4 16. gxf4 Nh5 17. Kh1 Nxf4 18. Rg1 Qh4 19. Rae1 Bf5 20. Qd2 Nd3 21. Re2 Qxd4 22. cxd5 cxd5 23. Re3 Qxc3 24. Rd1 Qxd2 25. Rxd2 Rae8 26. Ree2 Rxe2 27. Rxe2 Nf4 28. Re5 Nxg2 29. Kxg2 d4 30. Rd5 d3 31. Kf2 Be4 32. Rd4 Bxf3 33. Ke3 Be2 34. Rd7 Bf3 35. Kxd3 Bc6 36. Rd4 Rf2 0-1

[Event "ROM-ch U14"]
[Site "Calimanesti"]
[Date "2014.04.12"]
[Round "8"]
[White "Vasiliu, Cosmin"]
[Black "Olinici, Emanuel"]
[Result "0-1"]
[WhiteElo "1837"]
[BlackElo "1882"]
[PlyCount "86"]
[EventDate "2014.04.06"]
[EventType "swiss"]
[EventRounds "9"]
[EventCountry "ROU"]
[SourceTitle "CBM 160 Extra"]
[Source "ChessBase"]
[SourceDate "2014.07.01"]
[SourceVersion "1"]
[SourceVersionDate "2014.07.01"]
[SourceQuality "1"]

1. e4 c5 2. Nc3 a6 3. a4 e6 4. Bc4 b6 5. f4 Bb7 6. Qe2 g6 7. Nf3 Bg7 8. f5 Ne7 9. 0-0 gxf5 10. Ng5 0-0 11. exf5 Nxf5 12. Rxf5 exf5 13. Qh5 h6 14. Nxf7 Rxf7 15. Qxf7+ Kh8 16. Nd5 Nc6 17. Nf4 Ne5 18. Ng6+ Nxg6 19. Qxg6 Qh4 20. Ra3 Qe1+ 21. Bf1 Qxc1 22. Re3 f4 23. Re8+ Rxe8 24. Qxe8+ Kh7 25. Qxd7 Be4 26. c3 f3 27. gxf3 Bg6 28. f4 Qd1 29. Kf2 Qh5 30. Bh3 Qh4+ 31. Kf3 Qf6 32. Kg3 h5 33. Be6 h4+ 34. Kf3 Bc2 35. f5 Bd1+ 36. Kf2 Qe5 37. Qf7 Qe2+ 38. Kg1 Qe1+ 39. Kg2 Qxd2+ 40. Kg1 Qe3+ 41. Kg2 h3+ 42. Kf1 Qe2+ 43. Kg1 Qg2# 0-1

[Event "ROM-ch U14"]
[Site "Calimanesti"]
[Date "2014.04.08"]
[Round "3"]
[White "Olinici, Emanuel"]
[Black "Vasiesiu, Victor"]
[Result "0-1"]
[WhiteElo "1882"]
[BlackElo "1771"]
[PlyCount "74"]
[EventDate "2014.04.06"]
[EventType "swiss"]
[EventRounds "9"]
[EventCountry "ROU"]
[SourceTitle "CBM 160 Extra"]
[Source "ChessBase"]
[SourceDate "2014.07.01"]
[SourceVersion "1"]
[SourceVersionDate "2014.07.01"]
[SourceQuality "1"]

1. d4 Nf6 2. g3 c5 3. Nf3 cxd4 4. Nxd4 e5 5. Nb3 d5 6. Bg2 Bb4+ 7. c3 Be7 8. 0-0 Nc6 9. Bg5 Be6 10. Bxf6 Bxf6 11. Nc5 Qb6 12. Nxe6 fxe6 13. Qc2 e4 14. e3 0-0 15. Nd2 Ne5 16. Rab1 Rac8 17. Rfe1 Nd3 18. Re2 Bg5 19. h4 Rxf2 20. Rxf2 Bxe3 21. Nxe4 dxe4 22. Bxe4 Nxf2 23. Bxh7+ Kh8 24. Kg2 Qc6+ 25. Kh2 Rd8 26. Rf1 Rd2 27. Qxd2 Bxd2 28. Rxf2 Be1 29. Re2 Bxg3+ 30. Kxg3 Kxh7 31. a3 Qd6+ 32. Kg4 Qd1 33. Kf3 Kg6 34. Ke3 Qg1+ 35. Kf3 Kf5 36. Rf2 Qg4+ 37. Ke3+ Ke5 0-1

[Event "ROM-ch U14"]
[Site "Calimanesti"]
[Date "2014.04.06"]
[Round "1"]
[White "Olinici, Emanuel"]
[Black "Hriscu, Alexandru Gabriel"]
[Result "1-0"]
[WhiteElo "1882"]
[BlackElo "1581"]
[PlyCount "55"]
[EventDate "2014.04.06"]
[EventType "swiss"]
[EventRounds "9"]
[EventCountry "ROU"]
[SourceTitle "CBM 160 Extra"]
[Source "ChessBase"]
[SourceDate "2014.07.01"]
[SourceVersion "1"]
[SourceVersionDate "2014.07.01"]
[SourceQuality "1"]

1. d4 d5 2. c4 e6 3. Nc3 c6 4. Nf3 dxc4 5. e3 b5 6. a4 Bb4 7. Bd2 a5 8. axb5 Bxc3 9. Bxc3 cxb5 10. b3 Bb7 11. d5 f6 12. bxc4 b4 13. Bxb4 exd5 14. Bc3 Ne7 15. Qb3 Qc7 16. Nd4 Kd7 17. Be2 h5 18. Rd1 Nbc6 19. Nxc6 a4 20. Qa3 Kxc6 21. Bb4 Rhe8 22. cxd5+ Kd7 23. Bb5+ Kd8 24. d6 Qb6 25. dxe7+ Kc7 26. Bd6+ Qxd6 27. Qxd6+ Kc8 28. Bd7# 1-0

[Event "World School-ch U13 9th"]
[Site "Porto Carras"]
[Date "2013.05.14"]
[Round "9"]
[White "Quinonez Garcia, Santiago"]
[Black "Olinici, Emanuel"]
[Result "0-1"]
[WhiteElo "1930"]
[BlackElo "1852"]
[PlyCount "102"]
[EventDate "2013.05.07"]
[EventType "swiss"]
[EventRounds "9"]
[EventCountry "GRE"]
[SourceTitle "CBM 154 Extra"]
[Source "ChessBase"]
[SourceDate "2013.06.25"]
[SourceVersion "2"]
[SourceVersionDate "2013.06.25"]
[SourceQuality "1"]

1. e4 e5 2. Nf3 Nc6 3. Nc3 Nf6 4. d4 exd4 5. Nxd4 Bb4 6. Nxc6 bxc6 7. Bd3 d5 8. exd5 cxd5 9. 0-0 0-0 10. Bg5 c6 11. Qf3 Bd6 12. Bxf6 Qxf6 13. Qxf6 gxf6 14. Ne2 Kh8 15. Rfd1 Rb8 16. Rab1 Be6 17. Ng3 Be5 18. c3 Rb7 19. Ne2 Bd6 20. b4 Re8 21. Nd4 Rc7 22. Re1 Be5 23. Rbc1 Rb8 24. Nb3 Bd6 25. Nd4 Be5 26. Nb3 Bd6 27. a3 c5 28. Bf1 Rbc8 29. Ba6 Rb8 30. Bf1 Rbc8 31. Rcd1 Bf8 32. Ba6 Rb8 33. Ra1 d4 34. Nxc5 Bxc5 35. bxc5 dxc3 36. Rec1 Rxc5 37. Bd3 Rb2 38. Rc2 Bb3 39. Rcc1 Rd2 40. Be4 f5 41. Bf3 c2 42. Kf1 Rc8 43. Ke1 Rcd8 44. a4 a5 45. h3 Kg7 46. g4 f4 47. Be2 Kf6 48. f3 Kg5 49. Kf1 Rd1+ 50. Bxd1 cxd1Q+ 51. Kf2 Rd2# 0-1